000 nam a22 a 4500
999 _c4263
_d4263
003 AKMAL
005 20170526103555.0
008 170526s2011 m e 000 0 eng d
020 _a9789679629064
_qhardback
_cRM 2,970.00
040 _aAKMAL
082 0 4 _a340.09595 MAL
_223
090 0 0 _a340.09595
_bMAL
245 0 4 _aThe Malayan Law Journal [2011]
260 _aPetaling Jaya:
_bLexisNexis Malaysia Sdn Bhd (formerly known as Malayan Law Journal Sdn Bhd,
_c2011
300 _a9 volumes ;
_c25 cm
650 1 0 _aLaw
_zMalaysia
_9450
650 2 0 _aLaw reports, digests, etc.
_zMalaysia
_98334
650 2 0 _aLaw reports, digests, etc.
_zSingapore
_98335
942 _2ddc
_cBOOK
950 _lAKMAL